Breathless / (Record no. 4974)
[ view plain ]
| 000 -LEADER | |
|---|---|
| fixed length control field | 01228nac a22001931u 4500 |
| 008 - FIXED-LENGTH DATA ELEMENTS--GENERAL INFORMATION | |
| fixed length control field | 100524t xxu||||| |||| 00| 0 eng d |
| 082 ## - DEWEY DECIMAL CLASSIFICATION NUMBER | |
| Classification number | 781.65 |
| Item number | GOR |
| Edition number | 22 |
| 100 ## - MAIN ENTRY--PERSONAL NAME | |
| Personal name | G., Kenny |
| 9 (RLIN) | 14227 |
| Fuller form of name | Gorelick, Kenny |
| 245 ## - TITLE STATEMENT | |
| Title | Breathless / |
| Statement of responsibility, etc | Kenny Gorelick |
| 260 ## - PUBLICATION, DISTRIBUTION, ETC. (IMPRINT) | |
| Place of publication, distribution, etc | New York, N.Y. : |
| Name of publisher, distributor, etc | Arista, 1992 |
| Date of publication, distribution, etc | 1992 |
| 300 ## - PHYSICAL DESCRIPTION | |
| Extent | 1 Sound disc : |
| Other physical details | digital, stereo. ; |
| Dimensions | 4 3/4 in. + |
| Accompanying material | 1 booklet |
| 505 ## - FORMATTED CONTENTS NOTE | |
| Formatted contents note | The joy of life (4:19) -- Forever in love (4:58) -- In the rain (4:59) -- Sentimental (6:34) -- By the time this night is over (with Peabo Bryson, vocals) (4:45) -- End of the night (5:21) -- Alone (5:24) -- Morning (5:13) -- Even if my heart would break (with Aaron Neville, vocals) (4:58) -- G-bop (4:05) -- Sister Rose (6:13) -- A year ago (5:15) -- Homeland (4:32) -- The wedding song (3:21). |
| 511 ## - PARTICIPANT OR PERFORMER NOTE | |
| Participant or performer note | Kenny G., saxophones, with assisting instrumentalists and vocalists |
| 650 ## - SUBJECT ADDED ENTRY--TOPICAL TERM | |
| Topical term or geographic name as entry element | Jazz |
| 9 (RLIN) | 14234 |
| Chronological subdivision | 1991-2000. |
| 700 ## - ADDED ENTRY--PERSONAL NAME | |
| 9 (RLIN) | 14251 |
| Personal name | Neville, Aaron |
| Dates associated with a name | 1941- |
| Relator term | prf |
| 700 ## - ADDED ENTRY--PERSONAL NAME | |
| 9 (RLIN) | 14250 |
| Personal name | Bryson, Peabo |
| Relator term | prf |
| 942 ## - ADDED ENTRY ELEMENTS (KOHA) | |
| Item type | |
| Call number prefix | 781.65 GOR |
| Source of classification or shelving scheme | Dewey Decimal Classification |
| Withdrawn status | Lost status | Source of classification or shelving scheme | Damaged status | Not for loan | Location (home branch) | Sublocation or collection (holding branch) | Shelving location | Date acquired | Source of acquisition | Koha issues (times borrowed) | Koha full call number | Piece designation (barcode) | Koha date last seen | Koha date last borrowed | Price effective from | Koha item type |
|---|---|---|---|---|---|---|---|---|---|---|---|---|---|---|---|---|
| Dewey Decimal Classification | Central Library | Central Library | Second Floor | 17/07/2012 | Purchase | 1 | 781.65 GOR | 000006076 | 24/08/2022 | 17/07/2012 | 04/10/2007 | CD | DVD - Sound (NB) |